| 000 | 02448nam a2200313 a 4500 | ||
|---|---|---|---|
| 001 | BRCA_2537 | ||
| 005 | 20190320203845.0 | ||
| 008 | 261108s1863----sp-#---###---#000-0#spa-u | ||
| 041 | _aspa | ||
| 044 | _asp | ||
| 084 |
_a153 _b.R58 _c1863 |
||
| 100 | 1 |
_aCervantes Saavedra, Miguel de _d1547-1616 _9213 |
|
| 245 | 1 | 0 |
_aEl Ingenioso Hidalgo Don Quijote de la Mancha _ccompuesto por Miguel de Cervantes Saavedra. |
| 260 |
_aArgamasilla de Alba (España) _bManuel Rivadeneyra _c1863 |
||
| 300 |
_a4 v. _c14 cm. _e1 carta plegable facsímil de Cervantes |
||
| 500 | _aContenido : v 1. Primera parte. Retrato de Cervantes. Advertencia del editor. Prólogo y diario de los viajes de Don Quijote por Hartzenbusch. Dedicatoria del autor. Prólogo del autor. Versos preliminares. Notas. Texto. -- v 2. Texto. Notas. -- v 3. Segunda parte. Dedicatoria del autor. Prólogo del autor. Notas. Texto. -- v 4. Texto. Notas. Apéndices | ||
| 500 | _aEdición : Corregida con especial estudio de la primera | ||
| 500 | _aSon conocidas de todos los cervantistas las numerosas enmiendas, correcciones y notas de Hartzenbusch, que revelan un minucioso estudio del texto del Quijote, al par que extensa cultura literaria. Pero, su excesivo afán de intrpducir variantes para corregir pasajes que creía oscuros, lo condujeron a modificar el texto hasta tal punto, que en algunos capítulos no lo conocería su mismo autor. Con todo, supo distinguir la segunda edición de Cuesta de la primera, y enmendó acertadamente muchos pasajes dudosos, como el del robo del rucio, a pesar de que la mayoría de los demás procedió equivocada y arbitrariamente. En los apéndices publicó la famosa Epístola de Cervantes a Mateo Vázquez. Digna de alabanza es la imprtesión, hecha con hermosos tipos y excelente papel. Bonito ejemplar. Semipiel; lomeras decoradas con florones y filetes dorados Lúdovik Osterc | ||
| 500 | _aEstado físico : Incluye dedicatoria a la Excma. Doña Josefa Marín de Pérez Seonne. Condesa Viuda de Velle | ||
| 500 | _aQM138 | ||
| 650 | 1 | 4 |
_aNovela española _yÉpoca clásica, 1500-1700 _9215 |
| 650 | 1 | 4 |
_aLiteratura española _yÉpoca clásica, 1500-1700 _9216 |
| 650 | 1 | 4 |
_aNovela española _ySiglo XVII _9217 |
| 650 | 1 | 4 |
_aDon Quijote (Personaje ficticio) _eNovela _9218 |
| 700 | 1 |
_aHartzenbusch, Juan Eugenio _d1806-1880 _eAnotador _97278 |
|
| 740 | 0 | _aEl Ingenioso Hidalgo Don Quijote de la Mancha | |
| 902 | _aQFM | ||
| 942 |
_2lcc _cB |
||
| 999 |
_c2278 _d2278 |
||